Yhdysvaltojen kaupunkeja kartalla - Statistics

Yleistilastot
  • Tätä visaa on pelattu 1 796 kertaa
  • Keskiarvotulos 16 / 34
Vastaukset kartalla
Vastauksille on annettu kartalla punavihreä väri sen mukaan, kuinka moni on saanut sen oikein.
 
Vastaustilastot
Vastaus % Oikein
Los Angeles
76%
Miami
73%
Las Vegas
72%
Seattle
71%
New York
70%
San Francisco
67%
Tampa
60%
Houston
59%
San Diego
58%
Portland
56%
El Paso
53%
Phoenix
53%
Boston
52%
Chicago
52%
Dallas
52%
Washington D.C.
52%
New Orleans
50%
Atlanta
49%
Minneapolis
46%
Detroit
42%
Charlotte
40%
Denver
39%
Indianapolis
39%
Philadelphia
38%
Nashville
35%
Pittsburgh
35%
Boise
34%
St. Louis
33%
Milwaukee
32%
Memphis
31%
Cleveland
30%
Omaha
29%
Birmingham
28%
Cincinnati
28%
Ehtoja vastaavia visoja ei löytynyt
Tulosjakauma
Jokaisen tuloksen saaneiden osuus
Persentiili vastausten määrän mukaan
Tuloshistoriasi
Et ole pelannut tätä visaa